Responses for Show #2706 - Monday, May 13, 1996

1996 Teen Tournament semifinal game 1.

Contestants

[<< previous game]

Geoff Hatchard, a senior from Reese, Michigan

Joe Gurski, a junior from Roselle, New Jersey

Linda Alila, a sophomore from The Woodlands, Texas

[next game >>]

Jeopardy! Round responses

THE AMERICAN FLAG
VIDEO GAMES
BOOKS & AUTHORS
TRANSPORTATION
PEOPLE & PLACES
THINGS
    $100 3
Pledge of Allegiance

Linda
    $100 2
Charles

Geoff
    $100 1
Hemingway

Joe
    $100 13
Vikings

Geoff
    $100 18
Poland

Linda
    $100 26
towel

Geoff
    $200 9
Lewis & Clark

Linda
    $200 5
Star Trek: Deep Space Nine

Joe
    $200 4
Dracula

Joe
    $200 14
trucks

Joe
    $200 19
Hawaii

Joe
    $200 27
Heisman Trophy

Joe
    $300 10
1/13th

Linda
    $300 6
Mortal Kombat 3

Geoff
    $300 23
Agatha Christie

Linda
    $300 15
sails

Geoff
    $300 20
Naples

Joe
    $300 28
wristwatch

Triple Stumper
    $400 11
center

Geoff
    $400 7
dolphin

Joe
    $500 24
Tolkien

Linda
    $400 16
Space Shuttle

Geoff
    $400 21
Cockneys

Geoff
    $400 29
IBM

Triple Stumper
    $500 12
Old Glory

Geoff
    $500 8
The 7th Guest

Triple Stumper
    $500 25
Tom Wolfe

Triple Stumper
    $500 17
balloons

Triple Stumper
    $500 22
Toltecs

Joe
    $500 30
pens

Geoff

Scores at the first commercial break (after clue 15):

Linda Joe Geoff
$600 $1,100 $1,700

Scores at the end of the Jeopardy! Round:

Linda Joe Geoff
$1,500 $2,300 $3,100

Double Jeopardy! Round responses

THE SUPREME COURT
DESERTS
THE NEW TESTAMENT
HEALTH & MEDICINE
THE 17th CENTURY
ACTORS & ACTRESSES
    $200 19
oath

Joe
    $200 6
oasis

Linda
    $200 11
Mount of Olives

Triple Stumper
    $200 4
floss

Linda
    $200 24
tulips

Geoff
    $200 16
Jodie Foster

Linda
    $400 20
Endangered Species Act

Joe
    $400 7
Gobi

Linda
    $400 12
Peter

Geoff
    $400 5
cholesterol

Geoff
    $400 25
smoking

Joe
    $400 17
Shannen Doherty

Triple Stumper
    $600 21
Clarence Thomas

Joe
    $600 8
Bonneville

Geoff
    $600 13
Mary

Geoff
    $600 1
acupuncture

Linda
    $600 26
Newton

Linda
    $600 18
Brad Pitt

Joe
    $800 22
John Marshall

Joe
    $800 9
Kalahari

Linda
    $800 14
the poor

Triple Stumper
    $800 2
sickle cell anemia

Linda
    $800 27
Taj Mahal

Linda
    $800 29
Marlon Brando

Geoff
    $1000 23
(Stephen) Breyer

Joe
    $1000 10
Negev

Triple Stumper
    $1000 15
Revelation

Linda
    $500 3
rubella

Linda
    $1,000 28
Ottoman

Linda
    $1000 30
Emma Thompson

Joe

Scores at the end of the Double Jeopardy! Round:

Linda Joe Geoff
$8,600 $7,300 $6,100

[wagering suggestions for these scores]

Final Jeopardy! Round responses

CEREMONIES
GeoffWho is the Archbishop of Cantebury?
$6,100
JoeWho is the Archbishop of Canterbury?
$7,300
LindaWho is the Queen Mother
$1,500
Archbishop of Canterbury

Final scores:

Linda Joe Geoff
$7,100 $14,600 $12,200
3rd place: $5,000 Finalist 2nd place: $5,000

Game dynamics:

Coryat scores:

Linda Joe Geoff
$9,000 $7,300 $6,100
18 R
(including 3 DDs),
0 W
17 R,
0 W
16 R,
0 W

Combined Coryat: $22,400

[game clues] [game scores] [suggest correction]

Game tape date: Unknown
The J! Archive is created by fans, for fans. Scraping, republication, monetization, and malicious use prohibited; this site may use cookies and collect identifying information. See terms. The Jeopardy! game show and all elements thereof, including but not limited to copyright and trademark thereto, are the property of Jeopardy Productions, Inc. and are protected under law. This website is not affiliated with, sponsored by, or operated by Jeopardy Productions, Inc. Join the discussion at JBoard.tv.